000
00251nam a2200097Ia 4500
001
705354
005
20250826162428.0
008
250824s9999 xx 000 0 und d
245
0
_a
BAŞARI BİR SİHİR MİDİR
_c
ALİ BOZGEDİK
260
_b
HAYAT YAYINLARI
999
_c
705354
_d
705354